From Solomon to Malachi. (Record no. 3481)

000 -LEADER
fixed length control field 00670nam a2200205 a 4500
001 - CONTROL NUMBER
control field :::00001212$&:&@@
003 - CONTROL NUMBER IDENTIFIER
control field OkBaRHE
005 - DATE AND TIME OF LATEST TRANSACTION
control field 20000607103242.0
008 - FIXED-LENGTH DATA ELEMENTS--GENERAL INFORMATION
fixed length control field s1959 j 000 0 eng u
040 ## - CATALOGING SOURCE
Transcribing agency
100 1# - MAIN ENTRY--PERSONAL NAME
Personal name Yates, Kyle Monroe, 1895-
245 10 - TITLE STATEMENT
Title From Solomon to Malachi.
260 ## - PUBLICATION, DISTRIBUTION, ETC. (IMPRINT)
Place of publication, distribution, etc Nashville, TN., :
Name of publisher, distributor, etc Convention Press
Date of publication, distribution, etc 1959
300 ## - PHYSICAL DESCRIPTION
Extent 109 p.: illus. (maps) ;
Dimensions 19 cm.
490 0# - SERIES STATEMENT
Series statement On cover: Bible biography. book 3
650 ## - SUBJECT ADDED ENTRY--TOPICAL TERM
Topical term or geographic name as entry element Bible Old Testament
General subdivision Biography
650 ## - SUBJECT ADDED ENTRY--TOPICAL TERM
Topical term or geographic name as entry element Bible Old Testament
General subdivision Study
-- Text-books
942 ## - ADDED ENTRY ELEMENTS (KOHA)
Source of classification or shelving scheme
Koha item type Books
Copies
Date last seen Damaged status Withdrawn status Price effective from Koha item type Shelving location Not for loan Lost status Barcode Copy number Date acquired Full call number Source of classification or shelving scheme Permanent Location
2010-04-14  2010-04-14BooksGeneral Stacks  121212010-04-14BS 571 .B5 RHEMA Bible Training College